Proceeding of the Bangkok symposium on acid sulfate soils: Second International Symposium on acid sulphate soils, Bangkok, Thailand, January 18-24, 1981

The symposium emphasises the managementof soil/water/plant systems under acid sulphate soil conditions in tropical agro-ecological zones in Southeast Asia and West Africa

Kaydedildi:
Detaylı Bibliyografya
Materyal Türü: Kitap
Dil:Undetermined
Baskı/Yayın Bilgisi: Wageningen ILRI 1982
Konular:
Etiketler: Etiketle
Etiket eklenmemiş, İlk siz ekleyin!
Thư viện lưu trữ: Trung tâm Học liệu Trường Đại học Cần Thơ
LEADER 00718nam a2200169Ia 4500
001 CTU_16061
008 210402s9999 xx 000 0 und d
082 |a 631.417 
082 |b P963/No.31 
245 0 |a Proceeding of the Bangkok symposium on acid sulfate soils: Second International Symposium on acid sulphate soils, Bangkok, Thailand, January 18-24, 1981 
260 |a Wageningen 
260 |b ILRI 
260 |c 1982 
520 |a The symposium emphasises the managementof soil/water/plant systems under acid sulphate soil conditions in tropical agro-ecological zones in Southeast Asia and West Africa 
650 |a soil science 
904 |i Minh, 970503 
980 |a Trung tâm Học liệu Trường Đại học Cần Thơ